OH NO! South America has fallen into the sea! - Statistics

General Stats
  • This quiz has been taken 82 times
  • The average score is 13 of 14
Answers on the Map
Answers color-coded by a green-red scale on the quiz's map according to % correct below.
 
Answer Stats
Answer % Correct
Brazil
100%
Argentina
99%
Venezuela
99%
Chile
97%
Uruguay
97%
Colombia
96%
Peru
96%
Bolivia
94%
Ecuador
94%
Paraguay
94%
Guyana
91%
Suriname
91%
French Guiana
88%
Falkland Islands
62%
No matching quizzes found
Score Distribution
Percent of People with Each Score
Percentile by Number Answered
Your Score History
You have not taken this quiz